书目信息 |
| 题名: |
重要的思维法则
|
|
| 作者: | 柳树滋 , 郭金彬 , 林可济 著 | |
| 分册: | ||
| 出版信息: | 北京 北京出版社 1986 |
|
| 页数: | 155页 | |
| 开本: | 19cm | |
| 丛书名: | ||
| 单 册: | ||
| 中图分类: | B023.2 | |
| 科图分类: | ||
| 主题词: | 认识论 | |
| 电子资源: | ||
| ISBN: | ||
| 000 | 00676nam0 2200253 45 | |
| 001 | 0186019513 | |
| 005 | 20070721160820.79 | |
| 010 | @dCNY0.73 | |
| 091 | @aCN@b2071.27 | |
| 100 | @a19900724d1986 em y0chiy0121 ea | |
| 101 | 0 | @achi |
| 102 | @aCN@b110000 | |
| 105 | @ay z 000yy | |
| 200 | 10 | @a重要的思维法则@Azhong yao de si wei fa ze@e从抽象上升到具体@f柳树滋等著 |
| 210 | @a北京@c北京出版社@d1986 | |
| 215 | @a155页@d19cm | |
| 606 | @a认识论 | |
| 690 | @aB023.2@v3 | |
| 701 | 0 | @a柳树滋@Aliu shu zi@4著 |
| 701 | 0 | @a郭金彬@Aguo jin bin@4著 |
| 701 | 0 | @a林可济@Alin ke ji@4著 |
| 801 | 2 | @aCN@bNLC@c20070721 |
| 801 | 0 | @aCN@bTSSF |
| 905 | @a10447@dB023.2@e105 | |
| 重要的思维法则:从抽象上升到具体/柳树滋等著.-北京:北京出版社,1986 |
| 155页;19cm |
| ISBN :CNY0.73 |
| ● |
| 相关链接 |
|
|
|
|
正题名:重要的思维法则
索取号:B023.2/105
 
预约/预借
| 序号 | 登录号 | 条形码 | 馆藏地/架位号 | 状态 | 备注 |
| 1 | 0766393 | 207663937 | 第一样本阅览室/ [索取号:B023.2/105] | 在馆 |